MARC

LEADER 00000nab a2200000 a 4500
001 vtls000229055
003 SK-MaSNL
005 20260304011301.0
008 111130c1985 xo 0 slo
015 |a SNBRB19rr/mm-uuuuu 
035 |a CL0239169 
040 |a SNKBUCL  |b slo  |c SNKBUCL  |e AACR2 
041 0 |a slo 
044 |a xo  |c SK 
080 |a 82:7.096  |2 1981 
080 |a 7.096  |2 1981 
080 |a 882.6  |2 1981 
100 1 |a Kajan  |4 aut  |9 1006622 
245 1 0 |a Jej hviezdny čas  |c KAJAN 
600 1 7 |a Bykaǔ, Vasil',  |d 1924-2003  |2 snkbucl  |9 187820 
610 2 7 |a Československý rozhlas (Bratislava, Slovensko)  |2 snkbucl  |9 124169 
650 0 7 |a Szattler, Eduard  |2 snkbucl  |9 1289895 
655 7 |a články z novín a časopisov  |2 snkbucl  |9 267496 
655 7 |a články z odboru literárna veda a krásna literatúra  |2 snkbucl  |9 770045 
773 0 |t Rozhlas  |g Č. 45 (1985), s. 18 
850 |a Slovenská národná knižnica v Martine  |a MTA001 
852 |a SNK  |b KIS3GCP 
958 |a RK 
958 |a LX 
958 |a SU 
992 |a RBX 
999 |c 2565538  |d 2567468